| 000 | 00786nas a2200265 4500 | ||
|---|---|---|---|
| 001 | BR0200988 | ||
| 003 | BR-BrBNA | ||
| 005 | 20231205102746.0 | ||
| 007 | ta | ||
| 008 | 230509b bl.|||p| |||| 00| 00por d | ||
| 040 |
_aBR-BrBNA _bpor _cBiblioteca Nacional de Agricultura |
||
| 041 | _a(Pt) | ||
| 072 | _aF02 | ||
| 100 | 1 | _aNegrelle, R.R.B. | |
| 100 | 1 | _aDoni, M.E. | |
| 245 | 1 | _aEfeito da maturidade dos ramos na formação de mudas de guaco por meio de estaquia | |
| 650 | _aPLANTA MEDICINAL | ||
| 650 | _aESTACA | ||
| 650 | _aBROTAÇÃO | ||
| 650 | _aMUDA | ||
| 650 | _aPRECOCIDADE VEGETAL | ||
| 773 | 0 |
_tHorticultura Brasileira (Brazil) _xISSN 0102-0536 _g(Nov 2001), v. 19(3) p. 351-355 _wBR0200988 |
|
| 909 |
_a202311 _bLúcia _c55 _dLúcia Elande |
||
| 942 |
_2AGRIS _n0 _cANA |
||
| 999 |
_c169184 _d169184 |
||